00000000nas##2200000za#4500
0019.510417
003CaOODSP
00520210305160056
007ta
008150406c1991||||xxc|| p #||||f|   |0fre|d
022 |a0829-7460
040 |aCaOODSP|bfre
041 |aeng
041 |afre
043 |an-cn---
0861 |aYC11-343/1
1101 |aCanada. |bParlement. |bSénat. |bComité sénatorial permanent des banques et du commerce.
24510|aComité permanent des banques et du commerce, délibérations / |cPrésident: L'honorable C. William Doody.
260 |bSénat.
310 |aIrrégulier
3621 |a3e session, 34e législature, 40-42 Élizabeth II, 1991-1993
546 |aBilingue
791 |tStanding Committee on Banking, Trade and Commerce, proceedings / |eeng|w(CaOODSP)9.510416